Reinos en el Escudo del Imperio español (1580) - Estadísticas

Estadísticas generales
  • Esta prueba ha sido intentada 50 veces
  • La puntuación promedio es 7 de 11
Respuestas en el mapa
Las respuestas están codificadas por una escala verde-roja en el mapa de la prueba según el % correcto abajo.
 
Estadísticas de respuestas
Territorios % Correcto
Castilla
98%
Aragón
93%
León
93%
Granada
73%
Portugal
70%
Sicilia
65%
Austria
58%
Borgoña
43%
Flandes
43%
Brabante
15%
Tirol
15%
No se encontraron pruebas coincidentes
Distribución de puntuación
Porcentaje de gente con cada puntuación
Porcentaje por número respondido
Historial de tus puntuaciones
No has intentado esta prueba.